[Event "UKR-ch"]
[Site "Ordzhonikidze"]
[Date "2001.09.13"]
[Round "6"]
[White "Golubev, Mikhail"]
[Black "Zubarev, Alexander2"]
[Result "1-0"]
[WhiteElo "2526"]
[BlackElo "2470"]
[Annotator "Tsesarsky,I"]
[PlyCount "77"]
[EventDate "2001.09.08"]
[EventType "swiss"]
[EventRounds "9"]
[EventCountry "UKR"]
[SourceTitle "CBM 086"]
[Source "ChessBase"]
[SourceDate "2002.02.05"]
[SourceVersion "1"]
[SourceVersionDate "2002.02.05"]
[SourceQuality "1"]

1. e4 g6 2. d4 Bg7 3. c4 c5 4. d5 d6 5. Nf3 (5. f3 {-see detailed commented
game  0-1 Kortschnoj,V-Chatalbashev,B/Ohrid 2001/CBM 84_01[Tsesarsky,I] (49)})
(5. Bd3 {-mainline.}) 5... Bg4 (5... Nd7 6. Be2 a6 (6... Ne5 7. O-O Nxf3+ 8.
Bxf3 Nf6 9. Nc3 O-O 10. Be3 Nd7 11. Be2 b6 12. f4 $14 {1-0 Ruspini,R-Schmelzle,
O/GER 1998/EXT 2001 (43)}) 7. O-O Ngf6 8. Nc3 O-O 9. h3 Ne8 10. Bf4 $14 {
0-1 Schorr,L-Badilles,G/Tel Aviv 1964/EXT 99 (60)}) (5... Na6 6. Nc3 (6. Be2 f5
7. exf5 Bxf5 8. O-O Nh6 9. Nc3 O-O 10. Ng5 $14 {0-1 Seres,L-Szabolcsi,J/
Hungary 1996/EXT 2000 (62)}) 6... Nc7 7. Be2 e6 8. a4 Ne7 9. O-O (9. e5 exd5
10. cxd5 O-O 11. O-O Ne8 12. Bf4 Nf5 13. e6 fxe6 (13... Nd4 14. Be3 fxe6 15.
Nxd4 cxd4 16. Bxd4 e5 17. Be3 Bf5 18. a5 $14 {1-0 Mecking,H-Gadia,O/Sao Paulo
1967/EXT 2001 (34)}) 14. dxe6 Bxe6 15. Ng5 Nd4 16. Nxe6 Nxe6 17. Bg3 Nd4 18.
Bc4+ Kh8 19. Re1 Nf6 $15) 9... O-O 10. Re1 $14) (5... e6 6. Bd3 Ne7 7. O-O O-O
8. Re1 (8. h3 Nd7 9. dxe6 fxe6 10. Nc3 a6 11. Bg5 h6 12. Be3 Nc6 $132 {1/2-1/2
Acevedo,A-Peralta,F/Internet ICC 2000/EXT 2001 (58)}) (8. Nc3 Na6 9. Be3 Nc7
10. Qd2 Re8 11. Bh6 Bh8 12. Qf4 e5 13. Qg3 f5 14. Ng5 fxe4 15. Bxe4 $14 {
0-1 Kanko,I-Puranen,J/FIN 1992/EXT 2000 (53)}) 8... Nd7 9. Nc3 a6 10. a4 b6 11.
Bf4 e5 12. Bd2 a5 13. Nb5 $14 {0-1 Ivanisevic,I-Minasian,A/Yerevan 2000/CBM 78
(54)}) (5... Nf6 6. Bd3 e6 (6... O-O 7. O-O a6 (7... Na6 8. Nc3 Nc7 9. h3 a6
10. a4 b6 11. Be3 Rb8 12. Qd2 $14 {0-1 Eriksson,L-Ruffenach,A/Dresden 2000/EXT
2001 (53)}) 8. a4 b6 9. h3 e5 10. Nc3 Nh5 11. Re1 Ra7 12. Bf1 Qe8 13. a5 bxa5
14. Rxa5 $14 {0-1 Spacek,P-Koch,H/Trier 1997/EXT 99 (33)}) (6... Bg4 7. h3 Bxf3
8. Qxf3 Nfd7 9. Qd1 Na6 10. O-O Nc7 11. Nc3 O-O 12. Bg5 $14 {1-0 Mrva,M-Irsai,
J/SVK 2000/EXT 2001 (33)}) 7. O-O exd5 8. cxd5 O-O 9. Re1 Re8 10. Nbd2 Na6 11.
Nc4 Nb4 12. Bb1 (12. a4 Nh5 13. h3 f5 $132 {1-0 Rajlich,V-Jessar,J/
Philadelphia 1996/EXT 2001 (29)}) 12... b5 13. Ncd2 c4 14. a4 Qa5 15. Ra3 Nd7
16. axb5 Qxb5 17. Qa4 $14) 6. Be2 Nd7 7. O-O (7. Nbd2 Ngf6 8. h3 Bxf3 9. Bxf3
Ne5 10. Be2 g5 11. Qc2 Ng6 12. Qa4+ Qd7 13. Qxd7+ Nxd7 14. g3 O-O-O 15. Nf3 h6
16. Rb1 Kc7 $132 {0-1 Koehne,A-Wippermann,T/Werther GER 2001/The Week in Chess
335 (68)}) 7... a6 (7... h6 8. h3 Bxf3 9. Bxf3 Ngf6 10. Nc3 Ne5 11. Be2 g5 12.
Be3 Ng6 13. Qd2 Qd7 14. Rab1 g4 15. hxg4 Nxg4 16. Bxg4 Qxg4 17. f3 Qd7 18. f4
f5 19. Qe2 $14 {[%cal Ge2h5] 1-0 Polak,T-Wippermann,T/Bad Wildbad 2000/EXT
2001 (35)}) 8. Ng5 (8. Nc3 $5 $14) 8... Bxe2 9. Qxe2 h6 10. Nh3 $5 {[%cal
Gf2f4]} Ngf6 11. f4 {[%cal Ge4e5]} Nh7 $2 $16 (11... Qc7 $142 12. Nc3 O-O 13.
Be3 $14 {[%cal Ga1e1]}) 12. Nd2 {[%cal Gd2f3]} O-O 13. Nf3 Re8 14. f5 $1 {
White has dangerous initiative and space advantage.} g5 15. Bxg5 $1 {[%mdl 512]
Very strong well evaluated positional piece sacrifice!} hxg5 16. Nfxg5 {
[%cal Ge2h5]} Nhf6 $1 {Looks like mistake} ({Certain problems to White should
make} 16... Nxg5 $6 {in order to change more pieces.} 17. Nxg5 {but eventually
White wins this position. You can see some analysis below:} Nf6 (17... Rf8 18.
Rf3 $1 (18. Qh5 $2 Nf6 19. Qh4 b5 20. Rf3 bxc4 21. Rh3 (21. Rg3 Qb6 22. Rb1 c3
23. Rxc3 Rfb8 24. b3 c4+ 25. Kh1 Qa5 $17) 21... Qb6 (21... Re8 22. Nh7 $16) 22.
Nh7 Rfb8 23. Nxf6+ Bxf6 24. Rg3+ Kf8 25. Qh7 Ke8 $19) 18... b5 19. cxb5 axb5
20. Rg3 c4 {[%tqu "En","?","","","e4e5","",10,"g1h1","",0]} 21. e5 $3 Qb6+ 22.
Kh1 dxe5 (22... Nxe5 23. Qh5 $18) 23. Ne6 fxe6 24. Qg4 Rf7 25. fxe6 Raf8 26.
exf7+ Rxf7 27. Qxd7 $18) 18. g4 $1 (18. Rf3 $2 b5 19. Rh3 bxc4 20. Rc1 (20. Rf1
Rb8 21. Rf4 Qa5 $19) 20... Qa5 21. Ra3 Qb5 22. Rxc4 Reb8 23. Rb3 Qd7 24. Rh3
Rb4 $17) 18... b5 19. cxb5 $1 (19. Nh3 $2 bxc4 20. g5 Nd7 21. g6 fxg6 22. fxg6
Rb8 23. Qh5 Nf6 24. Qh4 Qd7 25. Rf5 Rxb2 26. Ng5 Qa4 $19 (26... Qb7 27. Raf1
$13)) 19... axb5 20. Nh3 Nd7 21. g5 Ne5 22. Qh5 Qd7 (22... Ra4 23. Rf4 $1 (23.
g6 Rxe4 24. Kh1 f6 25. Nf4 Rxf4 26. Rxf4 Qa8 $13) 23... Nd3 24. Rg4 Ne5 25. Rg3
(25. Rf4 Nd3 $11) 25... Qa5 26. g6 Rxa2 27. Rf1 Ra1 28. Ng5 Rxf1+ 29. Kxf1 Qa1+
30. Kg2 Qxb2+ 31. Kh3 $18) (22... c4 23. g6 Qb6+ 24. Kh1 {[%cal Gh3g5]} f6 25.
Nf4 $18 {[%csl Rg8][%cal Gf4e6]}) 23. Rf4 Nd3 24. Rg4 Ne5 (24... f6 25. Kh1 $1
{[%cal Ga1g1,Gg5f6]} Rec8 (25... Ne5 26. Rg3 {[%cal Ga1g1]} Ra7 27. Nf4 $18)
26. gxf6 exf6 27. Rag1 Rc7 28. Qh6 $18) 25. Rg3 e6 26. f6 $1 (26. g6 $2 exf5
27. Qh7+ (27. exf5 fxg6 28. fxg6 Bf6 29. Rf1 Rf8 $13) 27... Kf8 28. Rf1 fxg6
29. exf5 Bf6 $17) 26... Ng6 27. fxg7 $18 {[%cal Gh3f4]} Kxg7 28. Qh6+ Kg8 29.
Nf2 $18 {[%csl Rg8][%cal Gf2g4,Gg4f6]}) 17. Rf3 e6 $6 $18 ({More stubborn was} 
17... Ne5 $5 {with very complicated position:} 18. Rg3 b5 19. Nf4 Qd7 (19...
bxc4 20. Nxf7 Kxf7 21. Ne6 $18 {[%csl Rd8,Rg7]}) 20. Nge6 fxe6 21. Nxe6 Kh8 22.
Rxg7 (22. Rh3+ Kg8 23. Rg3 (23. Rf1 Kf7 24. Ng5+ Kg8 25. Ne6 (25. Rf4 $4 bxc4
26. Rfh4 c3 27. bxc3 Reb8 $19) 25... Kf7 (25... Reb8 $4 26. Rg3 Ne8 27. Qh5 $18
) 26. Ng5+ $11) 23... Kh8 24. Rxg7 {-like in the main variation}) 22... Rg8 23.
Rxg8+ Rxg8 24. Rf1 Rg4 {[%csl Re4][%cal Gf6e4,Gg4e4]} (24... bxc4 25. Rf4 Rg4
26. Rxg4 Nexg4 27. h3 Ne5 28. Qe3 $18) 25. Qe3 {[%csl Rh8][%cal Ge3h6]} Qc8 26.
h3 $1 (26. Qh6+ Nh7 27. Rf4 Qg8 28. Rxg4 Nxg4 $44) 26... Rh4 27. Rf4 Rh7 28.
cxb5 axb5 29. g4 Nfd7 30. g5 Nf8 31. h4 (31. g6 Nxe6 32. dxe6 Rh5 $44) 31...
Nxe6 32. dxe6 $16) 18. fxe6 fxe6 19. Nxe6 Rxe6 20. dxe6 Ne5 21. Rg3 {White has
4P and R for B and N. That means, White has decisive advantage.} (21. Rf2 $18)
21... Qe8 22. Nf4 b5 23. Rd1 Rd8 24. cxb5 axb5 25. Nd5 (25. Rf1 Ra8 26. b3 c4
27. Nd5 Nxd5 28. exd5 $18) 25... Qxe6 26. Nxf6+ Qxf6 27. Qxb5 Rf8 28. Rf1 Qxf1+
29. Qxf1 Rxf1+ 30. Kxf1 Nc4 {The endgame White wins easily.} 31. a4 ({Possible
also} 31. Ke2 Nxb2 32. h4 Kf7 33. Rb3 Ke6 34. g4 $18 {[%cal Gg4g8,Gh4h8,Ga2a4]}
) 31... Kf7 (31... Nxb2 32. a5 c4 33. a6 Na4 34. Rg6 c3 35. a7 Nb6 36. Rxd6 c2
37. Rc6 $18) (31... Nd2+ 32. Ke2 Nxe4 33. Rg4 Nf6 34. a5 Ne8 35. a6 Nc7 36. a7
Kf7 37. b4 $18) 32. b3 Nd2+ 33. Ke2 Nxe4 34. Rf3+ Ke6 35. a5 Bd4 36. a6 c4 37.
bxc4 Nf6 38. Ra3 Ba7 39. Rb3 1-0

[Event "Eilat GP "]
[Site "Eilat"]
[Date "2001.11.17"]
[Round "5"]
[White "Tsesarsky, Ilya"]
[Black "Zak, Uriel"]
[Result "1-0"]
[WhiteElo "2442"]
[BlackElo "2335"]
[Annotator "Tsesarsky,I"]
[PlyCount "77"]
[EventDate "2001.11.15"]
[EventType "swiss"]
[EventRounds "5"]
[EventCountry "ISR"]
[SourceTitle "CBM 086"]
[Source "ChessBase"]
[SourceDate "2002.02.05"]
[SourceVersion "1"]
[SourceVersionDate "2002.02.05"]
[SourceQuality "1"]

1. Nf3 c5 2. c4 g6 3. e4 Bg7 4. d4 Qb6 5. dxc5 Qxc5 6. Nc3 $6 (6. Nfd2 d6 7.
Be2 Qc7 8. O-O Nc6 9. Nb3 b6 10. f3 Be6 11. Na3 Rc8 12. Rb1 (12. Nb5 Qb7) 12...
Nf6 13. Be3 O-O 14. Qd2 {This position usually is in White's favour, but here
white NN placed on a3 and b3 instead of d4 and c3, and this factor makes
position equal!} Nd7 15. Rbc1 (15. Nb5 Qb7 16. Rbc1 Nce5 17. Na3 a6) 15... a6
$11 {1/2-1/2 Wojtkiewicz,A-Markowski,T/Krynica 1998/CBM 67 (27)}) (6. a3 $5 d6
7. Be2 b6 8. Be3 Qc7 9. Nd4 Nf6 10. Nc3 O-O 11. O-O Bb7 12. f3 Nbd7 13. Rc1 a6
14. Qd2 e6 15. Rfd1 Rfd8 $14 {1/2-1/2 Mulyar,M-Ehlvest,J/Las Vegas USA 2000/
The Week in Chess 322 (23)}) (6. Nbd2 d6 7. h3 Nf6 8. Be2 O-O 9. O-O b6 10. Re1
Bb7 11. Bf1 Nbd7 12. Rb1 Rad8 13. b4 Qc8 14. Bb2 Qa8 15. Qc2 e6 16. Rbd1 d5 17.
cxd5 exd5 18. exd5 (18. e5 $6 Ne4 19. Nxe4 dxe4 20. e6 exf3 (20... fxe6 $2 21.
Bxg7 Kxg7 22. Ng5 Bd5 23. Nxe4 a5 24. Ng5 $14 {1-0 Fridman,D-Petrov,M/
Pardubice CZE 2001/The Week in Chess 351 (39)}) 21. e7 (21. Bxg7 fxg2 22. Bxf8
gxf1=Q+ 23. Rxf1 (23. Kxf1 Bg2+ 24. Kg1 Bxh3 25. Qe4 Bxe6 $15) 23... Ne5 24.
Rxd8 Nf3+ 25. Kg2 Qxd8 $19) 21... Rc8 22. exf8=Q+ Nxf8 23. Qd2 Bxb2 24. Qxb2
fxg2 25. Be2 $44) 18... Bxd5 $11) 6... Bxc3+ $5 (6... d6 $6 7. Nd5 $1 $14 (7.
Be2 $6 Bxc3+ 8. bxc3 Nf6 {[%csl Rc3,Rc4]} 9. Be3 Qa5 10. Nd2 Qxc3 $17 (10...
O-O 11. O-O Nc6 12. Qc2 Ng4 13. Bf4 f5 $132 {0-1 Ivanov,M-Kekelidze,M/Germany
2000/CBM 74 ext (33)}))) 7. bxc3 d6 (7... Nc6 8. Qd5 (8. Bd3 d6 9. O-O Nf6 10.
Rb1 Qa5 11. Qc2 $11 {1/2-1/2 Gvetadze,S-Babataeva,I/Yerevan 2000/CBM 78 ext 
(55)}) 8... d6 9. Nd4 Qb6 10. Qb5 Nf6 11. Qxb6 axb6 12. f3 Nd7 $132 {[%csl Rb6,
Rb7,Rc3,Rc4]}) (7... Nf6 8. e5 $1 (8. Bd3 d6 9. h3 O-O 10. O-O b6 11. Bg5 (11.
Be3 Qc7 12. Nd4 Bb7 $15 {[%csl Rc3,Rc4]}) 11... Nbd7 12. Re1 Ba6 13. Qa4 Bb7
14. Be3 Qc7 15. Nd2 Ne5 16. Bf1 Rfc8 $15 {1-0 Jost,S-Wirthensohn,H/Scuol SUI
2001/The Week in Chess 350 (75)}) 8... Ne4 9. Qd4 Qa5 10. Bb2 Nc5 11. Be2 Nc6
12. Qe3 b6 (12... O-O 13. h4 $40 {[%csl Rg8]}) 13. O-O Bb7 14. Nd4 O-O 15. f4
$132) 8. Qd4 Qxd4 $6 $14 (8... f6 $142 $5 9. Be2 (9. e5 $6 Nc6 10. Qxc5 dxc5
$15) (9. Be3 Qa5 10. Be2 Nc6 11. Qd2 $132 {[%csl Rc3,Rc4,Rg8] 1-0 Werle,
J-Heberla,B/Chalkidiki 2000/CBM 78 ext (26)}) 9... Nc6 10. Qd3) (8... Nf6 $2 9.
e5 Nfd7 (9... Ng4 $2 10. Qxc5 dxc5 11. h3 $18 {[%csl Rg4]}) 10. exd6 $16 (10.
e6 $2 Ne5 11. exf7+ Nxf7 $132)) 9. cxd4 {[%csl Gc1,Gf1]} f5 (9... Bg4 10. Nd2
Nc6 11. Bb2 Nb4 12. f3 Nc2+ 13. Kd1 Ne3+ 14. Ke2 Nxf1 15. Rhxf1 Bd7 16. d5 f6
17. a4 $14 {[%csl Rg8,Rh8]}) 10. e5 dxe5 11. Nxe5 ({Maybe stronger was} 11.
dxe5 $1 {[%csl Rg8]} b6 {I was afraid from this PP structure, but ugly Ng8 and
space advantage are more important factors.} 12. Be2 Bb7 13. O-O Nd7 (13... e6
14. Rd1 $16) 14. Rd1 Nc5 (14... Rc8 15. Bb2 Nc5 16. Ng5 Nh6 (16... h6 17. e6
Nf6 18. Bxf6 exf6 19. Nf7 O-O 20. e7 Kxf7 21. exf8=Q+ Kxf8 $16) (16... e6 17.
Rd6 Rc6 (17... Ke7 18. Ba3 $18 {[%csl Rc5,Re6]}) 18. Bf3 $16) 17. a4 O-O) 15.
Nd4 $1 Rc8 16. Be3 $16 {[%csl Re8,Rg8]}) 11... Nd7 12. Nxd7 Bxd7 13. Be2 Nf6
14. Bb2 ({More flexible was} 14. f3 $5 $14) 14... Kf7 15. f3 Rhc8 16. Kd2 (16.
a4 $14) 16... b5 $2 $16 {Uri understood that silent play will lead to stable
White's advantage, so he tries tactical chances...} (16... b6 $142 17. a4 $14)
17. cxb5 (17. c5 $2 Bc6 $132 {[%csl Gc6,Gd5]}) 17... Bxb5 18. Bxb5 Rab8 19. a4
a6 20. Rhc1 $1 (20. Rhe1 $2 axb5 21. a5 Nd5 22. a6 Ra8 $132 {[%csl Gd5]}) 20...
Rxc1 21. Bxc1 axb5 22. Rb1 $1 {White must provoke Pb5 promotion!} ({Not} 22. a5
$2 Nd5 {[%csl Gd5]} 23. a6 Ke6 24. a7 Ra8 25. Ra5 Kd6 26. Ba3+ b4 27. Bc1 Kc6
28. Rc5+ Kd6 29. Ra5 Kc6 $11) 22... b4 ({Another alternative was} 22... Rd8
$144 23. axb5 Rxd4+ 24. Kc3 Rd7 (24... e5 25. b6 Nd5+ 26. Kc2 Rc4+ 27. Kd2 $1 (
27. Kd3 Nxb6 $1 28. Be3 e4+ $17) 27... Rc8 28. b7 Rb8 29. Ba3 $18 {[%csl Rb8]
[%cal Ga3c5,Gc5a7]}) 25. b6 Rb7 26. Kc4 $16 {and White leaves with serious
advantage.}) 23. Kc2 $1 ({Badly is} 23. Kd3 $2 $11 Nd5 24. Bd2 b3 (24... Ke6
25. Kc4 Rc8+ 26. Kb3 $16) 25. Kc4 Nb6+ 26. Kb4 Nd5+ 27. Ka3 Nb6 28. Kb4 Nd5+
29. Kc5 e6 30. a5 Rc8+ 31. Kb5 Rc2 32. Bb4 b2 33. a6 Nc7+ 34. Kb6 Nd5+ (34...
Nxa6 35. Kxa6 Rxg2 36. Bd6 $14) 35. Kb7 Rc7+ 36. Kb8 Rc6 37. Bc5 (37. a7 Rb6+
38. Kc8 Rxb4 39. a8=Q Nb6+ $19) 37... Rxa6 38. Rxb2 $11) 23... Nd5 $2 $18 ({
Better was} 23... Rc8+ $1 24. Kb3 Rc3+ {with trap:} 25. Kb2 $1 ({Not} 25. Kxb4
$2 Nd5+ 26. Ka5 (26. Kb5 Rc2 $44) 26... Rc2 27. h4 Rxg2 28. Bg5 $14) 25... Ra3
26. Ra1 Rxa1 27. Kxa1 Ke6 28. Bd2 $16 {This endgame gives to Black serious
chances to survive. Black will try to capture Pa by N and to attack white PP
on the kingside.}) 24. Bd2 Kf6 25. Kb3 e5 26. dxe5+ Kxe5 27. Rc1 {[%csl Rb4]}
Kd4 28. Rd1 Ke5 29. h4 Ra8 30. Ra1 Kd4 31. a5 Kd3 ({Or} 31... Kc5 32. a6 Kb6
33. Kc4 Ne7 34. Be3+ Kc6 35. Bc5 Nd5 36. g3 (36. Bxb4 $2 Ne3+ 37. Kd3 Nxg2 $132
) 36... b3 37. Bd4 Nc7 38. a7 $18) 32. Bxb4 Ke2 33. Ra2+ Kf1 34. Bc5 Nf4 35. g4
Nd3 36. Kc4 Ne5+ 37. Kd5 Nd3 38. gxf5 gxf5 39. a6 1-0

[Event "Gibraltar Masters 13th"]
[Site "Caleta"]
[Date "2015.02.05"]
[Round "10"]
[White "Wagner, Dennis"]
[Black "Iturrizaga Bonelli, Eduardo"]
[Result "1-0"]
[WhiteElo "2501"]
[BlackElo "2649"]
[Annotator "Wagner,D"]
[PlyCount "83"]
[EventDate "2015.01.27"]
[EventType "swiss"]
[EventRounds "10"]
[EventCountry "GGB"]
[SourceTitle "CBM 165"]
[Source "ChessBase"]
[SourceDate "2015.03.11"]
[SourceVersion "1"]
[SourceVersionDate "2015.03.11"]
[SourceQuality "1"]
[TimeControl "6600+10"]

{Bereits vor dieser Partie hatte ich ein sehr starkes Turnier gespielt und es
konnte nicht mehr allzu viel schiefgehen. Bei einem Remis war mir ein
Ratingpreis sicher, allerdings konnte ich mit einem Sieg auch noch in die Top
10 aufsteigen. Deshalb beschloss ich, möglichst objektiv zu spielen, um das
Maximale aus der Partie herauszuholen.} 1. d4 {[%emt 0:09:15]} e6 {[%emt 0:09:
34]} 2. c4 {[%emt 0:00:00]} b6 $5 {[%emt 0:00:24] Iturrizaga ist bekannt für
eher unkonventionelle Eröffnungen wie Wolgagambit oder Benoni. Dieses System
hatte er bisher noch nicht angewandt, ist aber für seinen Stil typisch.} 3. e4
{[%emt 0:00:35] die prinzipiellste Fortsetzung} Bb7 {[%emt 0:00:00]} 4. Bd3 {
[%emt 0:00:00]} Bb4+ {[%emt 0:00:00]} 5. Kf1 $1 {[%emt 0:06:49] Dieser Zug war
mir aus der Partie So-Jobava, Bergamo 2014 bekannt. 5.Bd2 nebst 6.Qxd2 war
eine sicherere Alternative, aber ich entschloss mich für den meiner Meinung
nach objektiv stärksten Zug.} (5. Bd2 Bxd2+ 6. Qxd2 f5 7. Nc3 fxe4 (7... Nf6 8.
f3 fxe4 9. fxe4 O-O 10. Nf3) 8. Bxe4 Bxe4 9. Nxe4 Nf6 10. Nxf6+ Qxf6 11. Nf3
O-O 12. O-O $14 {Weiß steht etwas angenehmer.}) 5... Be7 {[%emt 0:10:27]} (5...
e5 {Es ist fraglich, ob Schwarz für den geopferten Bauern genügend
Kompensation erhält.} 6. dxe5 d6 (6... Nc6 7. Nf3 $1 (7. f4 d6 8. a3 Bc5 9.
exd6 Qxd6 10. Nc3 O-O-O $44 {1-0 (34) Holt,C (2534)-Berczes,D (2522) Dallas
2013})) 7. a3 Bc5 8. exd6 Qxd6 9. Nc3 $16 {1-0 (38) Ragger,M (2657)-Hamitevici,
V (2453) Bilbao 2014}) 6. Nf3 {[%emt 0:00:00]} d6 {[%emt 0:00:28]} 7. Nc3 {
[%emt 0:00:00]} Nd7 {[%emt 0:00:06]} (7... Nf6 8. g3 O-O 9. Kg2 Nbd7 10. Qe2 c5
11. d5 Re8 12. Rd1 Bf8 13. dxe6 fxe6 14. Bc2 $14 {1-0 (37) So,W (2744)-Jobava,
B (2713) Bergamo 2014}) 8. g3 {[%emt 0:02:04]} Bf6 $5 {[%emt 0:32:43] Dieser
Aufbau ist sehr interessant, die schwarze Stellung wirkt zwar recht passiv, da
er Weiß das gesamte Zentrum überlässt, aber bald wird ...c5 folgen und Schwarz
erhält gutes Gegenspiel. Problematisch war nur, dass mein Gegner zu viel Zeit
verbrauchte, um sich für diese Spielweise zu entscheiden.} (8... Ngf6 9. Kg2
O-O 10. Re1 e5 11. Bc2 $14 {hielt ich für eine logische Sequenz; die weiße
Stellung ist etwas angenehmer, aber Schwarz bekommt häufig Gegenspiel mit
einem gut getimten exd4; wenn Weiß das Zentrum schließt, bietet sich die
Möglichkeit c6 mit Spiel am Damenflügel.} Re8 (11... exd4 $6 12. Nxd4 Ne5 (
12... Nc5 13. b4) 13. Nf5) 12. Qe2 $14 (12. d5 c6 13. Be3 Rc8 14. Qe2 cxd5 15.
exd5) (12. Be3 Ng4)) 9. Kg2 {[%emt 0:01:08]} Ne7 {[%emt 0:01:43]} 10. Be3 {
[%emt 0:06:40]} (10. Bc2 $5 {um die c5-Idee zu stoppen} O-O 11. Qd3 {[%cal
Ge4e5]} (11. Be3 c5 $1) 11... e5 (11... g6 12. h4) 12. d5 Nc5 13. Qe2 a5 14.
Be3 $14) 10... c5 $1 {[%emt 0:12:16]} (10... O-O 11. Qd2 (11. h4 c5) (11. g4 c5
) (11. Bc2 c5 12. d5 Bxc3 13. bxc3 Ng6) 11... c5 12. d5 Ng6) 11. d5 {[%emt 0:
01:51]} (11. Nb5 Nc8 {hilft Weiß nicht weiter.}) 11... Bxc3 {[%emt 0:01:05]}
12. bxc3 {[%emt 0:00:12]} Ng6 {[%emt 0:00:09]} (12... O-O $1 {scheint genauer
zu sein, jetzt ist sofortiges Sd2 nicht überzeugend und wenn man ein Tempo für
Lc2 geben muss, wird das schwarze Gegenspiel rechtzeitig sein.} 13. a4 (13. Bc2
Ng6 $1 14. dxe6 (14. Nd2 f5 $1) 14... fxe6 15. Qxd6 $2 Rxf3 $1) (13. Nd2 exd5
14. cxd5 f5 $132) 13... Ng6 14. a5 Nde5 15. Nxe5 Nxe5 16. Be2 Ba6 17. axb6 axb6
18. Qb3 f5 $132) 13. Nd2 $1 {[%emt 0:19:23]} O-O {[%emt 0:09:59]} 14. f4 {
[%emt 0:04:39]} exd5 $5 {[%emt 0:05:08] Wenn Schwarz nichts konkretes findet,
steht Weiß einfach besser, er wird langfristig einen Angriff am Königsflügel
vorbereiten. Nun entbrannt ein Kampf um das weiße Zentrum.} (14... Nf6 15. Bc2)
15. cxd5 {[%emt 0:00:31]} f5 {[%emt 0:02:07]} 16. c4 $1 {[%emt 0:03:40] Es ist
wichtig, das Zentrum intakt zu halten!} b5 $1 {[%emt 0:02:40]} 17. Rb1 {
[%emt 0:07:47]} (17. cxb5 Nf6 {und Weiß kann das Zentrum nicht halten.}) 17...
bxc4 {[%emt 0:00:12]} 18. Nxc4 {[%emt 0:00:29]} Nb6 {[%emt 0:00:23]} 19. Na5 {
[%emt 0:00:33]} Qe7 $2 {[%emt 0:04:33] Ein schwerer strategischer Fehler,
nachdem die schwarze Stellung schlecht ist. Es war unbedingt notwendig, den
weißfeldrigen Läufer zu behalten! Das Feld c6 ist für den weißen Springer
nicht von großem Nutzen.} (19... Bc8 $1 20. Qc2 (20. exf5 Bxf5 21. Bxf5 Rxf5 {
[%csl Rd5]}) (20. Nc6 Qe8 $1 21. e5 (21. Qc2 Qf7) 21... dxe5 22. Bxc5 Be6 $1)
20... fxe4 21. Bxe4 Qf6 $1 {Nach dem Abtausch der weißfeldrigen Läufer durch
Lf5 wird d5 hoffnungslos schwach. Weiß muss nach einem Weg suchen, das Remis
zu sichern.} 22. Rhe1 (22. Nc6 Bf5) (22. Nc4 Re8) 22... Bf5 23. Bxf5 Qxf5 24.
Qxf5 Rxf5 25. Bf2 (25. Nb7 Nc4 (25... Rxd5 26. Rbd1 $11) 26. Bf2 Rf7 27. Re6
Rd7) 25... Rxd5 26. Nc6 Rd2 27. Rbd1 Rxd1 28. Rxd1 Nc4 29. Rc1 Nb6 30. Rd1 $132
) (19... Nxd5 $2 20. Bc4 $1 $18 (20. exd5 Bxd5+)) 20. Nxb7 {[%emt 0:01:10]}
Qxb7 {[%emt 0:00:00]} 21. Re1 {[%emt 0:00:00]} Qf7 {[%emt 0:07:57]} 22. Bf2 {
[%emt 0:03:35]} fxe4 {[%emt 0:04:24]} (22... Ne5 23. Bc2) 23. Bxe4 {[%emt 0:00:
19]} Rae8 {[%emt 0:01:59]} 24. Qd3 {[%emt 0:08:12]} (24. a4 $5) 24... Ne5 {
[%emt 0:03:14]} 25. Qc2 {[%emt 0:17:18]} (25. Bxh7+ $1 Kh8 26. Qc2 Ng4 27. Bg6
{wird Zugumstellung.}) 25... Ng4 {[%emt 0:00:00]} (25... Ng6 {wäre stärker
gewesen, aber natürlich geht man nicht gerne wieder zurück.}) 26. Bxh7+ {
[%emt 0:00:19]} Kh8 {[%emt 0:00:00]} 27. Bg6 {[%emt 0:09:08]} Qxd5+ {[%emt 0:
00:00]} 28. Kg1 {[%emt 0:00:00]} (28. Be4 Qf7 29. Bg1 $16) 28... Rxe1+ {
[%emt 0:01:21]} 29. Rxe1 {[%emt 0:00:00] Aus praktischer Sicht ist die
Stellung fast gewonnen für Weiß. Mein Gegner war in Zeitnot und sein König ist
unheilbar schwach.} Nf6 $6 {[%emt 0:00:56]} (29... Nxf2 30. Qxf2 $16) (29...
Nd7 $1 {wäre zäher gewesen} 30. h3 Nxf2 31. Qxf2 Kg8 32. Qe2 $16) 30. Qe2 {
[%emt 0:00:00]} Nbd7 {[%emt 0:00:17]} 31. Rd1 {[%emt 0:01:25]} Qc6 {[%emt 0:00:
13]} 32. Qe6 {[%emt 0:00:15]} Qf3 {[%emt 0:00:13]} 33. Qh3+ {[%emt 0:01:32]}
Kg8 {[%emt 0:00:00]} 34. Rxd6 {[%emt 0:00:00]} Rd8 {[%emt 0:00:00]} 35. Qe6+ {
[%emt 0:00:36]} Kh8 {[%emt 0:00:00]} 36. Qh3+ {[%emt 0:00:44]} Kg8 {[%emt 0:00:
00]} 37. Qe6+ {[%emt 0:00:00]} Kh8 {[%emt 0:00:00]} 38. Rd3 {[%emt 0:02:02]}
Qb7 {[%emt 0:00:00]} 39. Qh3+ {[%emt 0:00:12]} Kg8 {[%emt 0:00:00]} 40. Qe6+ {
[%emt 0:00:00]} Kh8 {[%emt 0:00:00]} 41. g4 {[%emt 0:03:02]} Ng8 {[%emt 0:00:
00]} (41... Qb1+ 42. Be1 $1) 42. Rh3+ {[%emt 0:00:00] Eine sehr wichtige
Partie, die mich auf den 6. Platz katapultierte und ein sehr erfolgreiches
Turnier mit einem positiven Akzent beendete.} (42. Rh3+ {Schwarz gab auf, da
nach} Nh6 {einfach} 43. Qe7 {nebst Rxh6 folgt.}) 1-0